| 000 | 00426nam a22001457a 4500 | ||
|---|---|---|---|
| 008 | 250630b |||||||| |||| 00| 0 eng d | ||
| 020 | _a0071458247 | ||
| 050 |
_aHD2365 _b.D66 |
||
| 100 | _aDominguez Linda R | ||
| 245 | _aThe manager`s step-by- step guide to outsourcing | ||
| 260 |
_aNew York _bMcGraw-hill companies _c2006 |
||
| 300 |
_axiv,226p. _bill. |
||
| 650 |
_acontracting out _vcontracting out-management |
||
| 942 | _cBK | ||
| 999 |
_c4003 _d4003 |
||